[Event "Chigorin Memorial 28th"]
[Site "St Petersburg"]
[Date "2021.10.26"]
[Round "4"]
[White "Khramov, Andrey"]
[Black "Sannikova, Anna"]
[Result "0-1"]
[WhiteElo "2134"]
[BlackElo "1769"]
[PlyCount "154"]
[EventDate "2021.10.23"]
[EventType "swiss"]
[EventRounds "9"]
[EventCountry "RUS"]
[SourceTitle "EXT 2023"]
[Source "ChessBase"]
[SourceDate "2022.10.05"]
[SourceVersion "1"]
[SourceVersionDate "2022.10.05"]
[SourceQuality "1"]

1. e4 c5 2. Nf3 a6 3. c4 d6 4. d4 Bg4 5. d5 e5 6. Nc3 Be7 7. Qb3 Nd7 8. Be2 Rb8 9. Qa4 Bxf3 10. Bxf3 Bg5 11. Bxg5 Qxg5 12. b4 cxb4 13. Qxb4 Nc5 14. 0-0 Nf6 15. Qb6 Ke7 16. g3 h5 17. Bg2 Qd2 18. Rac1 h4 19. Qb1 hxg3 20. hxg3 Ng4 21. Qc2 Qg5 22. Rfd1 Rh2 23. Qd2 Qh5 24. f3 Rxg2+ 25. Qxg2 Ne3 26. Qh1 Qg5 27. Kf2 Nxd1+ 28. Rxd1 Rc8 29. Ne2 Nd7 30. Rc1 Qd2 31. Qh7 Nc5 32. Rb1 Rc7 33. Kf1 Qe3 34. Qh1 Nd3 35. Qg2 b6 36. Ng1 Rxc4 37. Qe2 Rc1+ 38. Rxc1 Qxc1+ 39. Kg2 Qb2 40. Qxb2 Nxb2 41. Ne2 b5 42. Kf2 Nc4 43. Nc3 Kd7 44. Ke2 Kc7 45. Kd3 Kb6 46. Nb1 Kc5 47. Kc3 a5 48. Kb3 a4+ 49. Kc3 b4+ 50. Kd3 a3 51. Kc2 Na5 52. Nd2 Kd4 53. Nf1 g6 54. Nh2 Ke3 55. Ng4+ Kxf3 56. Nf6 Kxg3 57. Ne8 Nb7 58. Kb3 f5 59. exf5 gxf5 60. Kxb4 e4 61. Ng7 Kf4 62. Ne6+ Ke5 63. Kxa3 Kxd5 64. Ng5 e3 65. Kb3 Kd4 66. Kc2 f4 67. a4 Ke5 68. Kc3 Kf5 69. Nf3 Kg4 70. Nd4 f3 71. Kd3 e2 72. Kd2 Kg3 73. Nc2 Kf2 74. Ne1 Na5 75. Nd3+ Kf1 76. Ke3 f2 77. Kd4 e1Q 0-1

[Event "St Petersburg-ch sf"]
[Site "St Petersburg"]
[Date "2021.02.26"]
[Round "5"]
[White "Donskov, Anatoly"]
[Black "Khramov, Andrey"]
[Result "1-0"]
[WhiteElo "2286"]
[BlackElo "2149"]
[PlyCount "93"]
[EventDate "2021.02.22"]
[EventType "swiss"]
[EventRounds "9"]
[EventCountry "RUS"]
[SourceTitle "EXT 2022"]
[Source "ChessBase"]
[SourceDate "2021.10.06"]
[SourceVersion "1"]
[SourceVersionDate "2021.10.06"]
[SourceQuality "1"]

1. e4 e5 2. Nf3 Nc6 3. Bb5 a6 4. Ba4 Nf6 5. 0-0 Be7 6. Re1 b5 7. Bb3 d6 8. c3 0-0 9. h3 Nb8 10. d4 Nbd7 11. c4 c6 12. Nc3 b4 13. Ne2 Nxe4 14. Qc2 f5 15. c5+ d5 16. Be3 Bf6 17. Rad1 Kh8 18. Ba4 Bb7 19. dxe5 Nxe5 20. Nxe5 Bxe5 21. Bd4 Bc7 22. f3 Ng5 23. Qd2 Ne6 24. Qxb4 Ba5 25. Qxb7 Bxe1 26. Be5 Qh4 27. Nf4 Qg5 28. Nxe6 Qe3+ 29. Kh1 Qxe5 30. Nxf8 Rxf8 31. Qxc6 Bg3 32. Qxd5 Qb8 33. b4 g6 34. a3 Be5 35. Qe6 Bg7 36. Qxa6 Rd8 37. Rxd8+ Qxd8 38. Qe2 Kg8 39. Bb3+ Kh8 40. Bf7 Bf6 41. Qe8+ Kg7 42. Qxd8 Bxd8 43. a4 Kxf7 44. a5 Bc7 45. a6 Bb8 46. c6 Ke7 47. c7 1-0

[Event "St Petersburg-ch sf"]
[Site "St Petersburg"]
[Date "2021.02.25"]
[Round "4"]
[White "Khramov, Andrey"]
[Black "Pavlov, Mikhail"]
[Result "1-0"]
[WhiteElo "2149"]
[BlackElo "2103"]
[PlyCount "51"]
[EventDate "2021.02.22"]
[EventType "swiss"]
[EventRounds "9"]
[EventCountry "RUS"]
[SourceTitle "EXT 2022"]
[Source "ChessBase"]
[SourceDate "2021.10.06"]
[SourceVersion "1"]
[SourceVersionDate "2021.10.06"]
[SourceQuality "1"]

1. e4 e6 2. d4 d5 3. Nd2 c5 4. exd5 Qxd5 5. Ngf3 cxd4 6. Bc4 Qd6 7. 0-0 Nf6 8. Nb3 Nc6 9. Nbxd4 Nxd4 10. Nxd4 a6 11. Re1 Qc7 12. Bf1 Bd7 13. Qf3 Bd6 14. g3 0-0 15. Bg5 Be5 16. Rad1 h6 17. Bc1 Rad8 18. c3 Ba4 19. Nb3 Rd7 20. Rxd7 Nxd7 21. Qg4 Bc6 22. Bxh6 f5 23. Qg6 Bf6 24. Bf4 Qd8 25. Bc4 Re8 26. Rxe6 1-0

[Event "St Petersburg Korchnoi Memorial op"]
[Site "St Petersburg"]
[Date "2019.08.21"]
[Round "8"]
[White "Galkin, Leonid1"]
[Black "Khramov, Andrey"]
[Result "0-1"]
[WhiteElo "1751"]
[BlackElo "2167"]
[PlyCount "120"]
[EventDate "2019.08.14"]
[EventType "swiss"]
[EventRounds "9"]
[EventCountry "RUS"]
[SourceTitle "CBM 192"]
[Source "ChessBase"]
[SourceDate "2019.10.31"]
[SourceVersion "1"]
[SourceVersionDate "2019.10.31"]
[SourceQuality "1"]

1. e4 e5 2. Nc3 Nf6 3. g3 d5 4. exd5 Nxd5 5. Bg2 Nxc3 6. bxc3 Bc5 7. d3 0-0 8. Nf3 Nc6 9. 0-0 Bf5 10. Qe1 Re8 11. Nd2 Qd7 12. Rb1 Bh3 13. Ne4 Bb6 14. c4 Bxg2 15. Kxg2 f5 16. Nc3 e4 17. Qd1 exd3 18. cxd3 Rad8 19. Bg5 Rb8 20. Nd5 Ne5 21. Bf6 Bd4 22. f4 Nc6 23. Bxd4 Nxd4 24. Rf2 c6 25. Nb4 Re3 26. Na6 Rbe8 27. Nc5 Qe7 28. Nb3 Ne6 29. Rf3 Re2+ 30. Rf2 Re3 31. Qd2 Nd8 32. Rb2 Nf7 33. Na5 b6 34. Nb3 Nd6 35. Nd4 c5 36. Nc2 Qb7+ 37. Kg1 R3e6 38. Rb1 Qa6 39. Ne1 Rd8 40. Qc2 Nf7 41. Nf3 Rde8 42. Kf1 Qb7 43. Kg1 Nd8 44. Ne5 Nc6 45. Nxc6 Qxc6 46. Qd2 a6 47. d4 cxd4 48. Qxd4 Rd6 49. Qc3 h6 50. Qb3 Kh8 51. Qc2 Qc5 52. Kg2 Rd4 53. Qa4 Ra8 54. Qb4 Qc6+ 55. Kg1 b5 56. Qe7 Rxc4 57. Rd1 Re8 58. Rd8 Rc1+ 59. Rf1 Qb6+ 60. Kg2 Rc2+ 0-1

[Event "St Petersburg Korchnoi Memorial op"]
[Site "St Petersburg"]
[Date "2019.08.16"]
[Round "3"]
[White "Khramov, Andrey"]
[Black "Alekseenko, Mariya"]
[Result "0-1"]
[WhiteElo "2167"]
[BlackElo "1848"]
[PlyCount "112"]
[EventDate "2019.08.14"]
[EventType "swiss"]
[EventRounds "9"]
[EventCountry "RUS"]
[SourceTitle "CBM 192"]
[Source "ChessBase"]
[SourceDate "2019.10.31"]
[SourceVersion "1"]
[SourceVersionDate "2019.10.31"]
[SourceQuality "1"]

1. e4 c5 2. Nf3 e6 3. d4 cxd4 4. Nxd4 Nc6 5. Nc3 Qc7 6. Be3 a6 7. Qd2 Nf6 8. f3 b5 9. Nxc6 dxc6 10. 0-0-0 Be7 11. g4 0-0 12. Qf2 c5 13. h4 Nd7 14. g5 c4 15. f4 Bb7 16. Bg2 Bc5 17. h5 Rfe8 18. g6 fxg6 19. hxg6 h6 20. f5 exf5 21. Nd5 Bxd5 22. Bxc5 Qxc5 23. Qxc5 Nxc5 24. Rxd5 Nxe4 25. Rxf5 Rad8 26. Re1 Nf6 27. Rxe8+ Rxe8 28. a4 Rb8 29. Rc5 Nd7 30. Rc6 bxa4 31. Rxc4 Ne5 32. Rxa4 Rb6 33. Bf1 Nxg6 34. Bxa6 Ne5 35. Be2 Kf7 36. b4 g5 37. c4 g4 38. c5 Rc6 39. Kd2 Ke6 40. Ke3 Kf5 41. Kd4 Rc8 42. b5 h5 43. Ra1 Rd8+ 44. Ke3 h4 45. Rf1+ Kg5 46. Ke4 Rd2 47. Rf5+ Kg6 48. Bf1 Nf3 49. Rxf3 gxf3 50. c6 Rc2 51. Bd3 f2 52. Kd5+ Kf6 53. b6 Rd2 54. b7 Rxd3+ 55. Kc5 f1Q 56. b8Q Qc1+ 0-1

[Event "St Petersburg Korchnoi Memorial op"]
[Site "St Petersburg"]
[Date "2019.08.15"]
[Round "2"]
[White "Vlasenko, Miroslav"]
[Black "Khramov, Andrey"]
[Result "1-0"]
[WhiteElo "2419"]
[BlackElo "2167"]
[PlyCount "73"]
[EventDate "2019.08.14"]
[EventType "swiss"]
[EventRounds "9"]
[EventCountry "RUS"]
[SourceTitle "CBM 192"]
[Source "ChessBase"]
[SourceDate "2019.10.31"]
[SourceVersion "1"]
[SourceVersionDate "2019.10.31"]
[SourceQuality "1"]

1. e4 e5 2. Nf3 Nc6 3. Bc4 Nf6 4. d3 Be7 5. Nbd2 0-0 6. 0-0 d6 7. c3 Na5 8. Bb5 a6 9. Ba4 b5 10. Bc2 c5 11. Re1 Nc6 12. Nf1 Re8 13. h3 h6 14. Ng3 Qc7 15. Nh4 Bf8 16. Qf3 Qd8 17. Nhf5 Kh7 18. a4 Bb7 19. Ne3 Kg8 20. h4 Na5 21. Nd5 Nxd5 22. exd5 b4 23. h5 b3 24. Bd1 c4 25. dxc4 Be7 26. Be2 Bc8 27. Bd3 Nb7 28. Qe4 Bf6 29. Be3 Kf8 30. a5 Bg5 31. Bb6 f5 32. Nxf5 Bxf5 33. Qxf5+ Qf6 34. Qh3 Kg8 35. Bg6 Rf8 36. Qe6+ Qxe6 37. dxe6 1-0

[Event "St Petersburg Korchnoi Memorial op"]
[Site "St Petersburg"]
[Date "2019.08.14"]
[Round "1"]
[White "Khramov, Andrey"]
[Black "Tolstykh, Kirill"]
[Result "1-0"]
[WhiteElo "2167"]
[BlackElo "1628"]
[PlyCount "77"]
[EventDate "2019.08.14"]
[EventType "swiss"]
[EventRounds "9"]
[EventCountry "RUS"]
[SourceTitle "CBM 192"]
[Source "ChessBase"]
[SourceDate "2019.10.31"]
[SourceVersion "1"]
[SourceVersionDate "2019.10.31"]
[SourceQuality "1"]

1. e4 Nf6 2. e5 Nd5 3. d4 d6 4. Nf3 dxe5 5. Nxe5 g6 6. Bc4 Be6 7. 0-0 Bg7 8. Nd2 0-0 9. Ne4 Nd7 10. Nxd7 Qxd7 11. Nc5 Qc6 12. Nxe6 Qxe6 13. Qf3 c6 14. c3 Qd6 15. Bg5 e6 16. Rad1 b5 17. Bd3 a5 18. h4 h6 19. Bd2 h5 20. Rfe1 a4 21. Bb1 Rfe8 22. Bg5 a3 23. b3 b4 24. cxb4 Qxb4 25. Rc1 Rac8 26. Red1 Rc7 27. Rc4 Qb6 28. g4 hxg4 29. Qxg4 f5 30. Qg3 Bh8 31. h5 gxh5 32. Bd8+ Kf7 33. Bxc7 Nxc7 34. Qd6 Rg8+ 35. Kf1 Nb5 36. Qd7+ Kf6 37. Rxc6 Qd8 38. Rxe6+ Kg5 39. Qxb5 1-0

[Event "Murmansk Basamro U16 4th"]
[Site "Murmansk"]
[Date "2016.10.07"]
[Round "2.3"]
[White "Albaric, Etienne"]
[Black "Khramov, Andrey"]
[Result "1/2-1/2"]
[WhiteElo "2087"]
[BlackElo "2162"]
[PlyCount "123"]
[EventDate "2016.10.06"]
[EventType "team-tourn"]
[EventRounds "5"]
[EventCountry "RUS"]
[SourceTitle "EXT 2017"]
[Source "ChessBase"]
[SourceDate "2016.10.25"]
[SourceVersion "1"]
[SourceVersionDate "2016.10.25"]
[SourceQuality "1"]
[WhiteTeam "Paris"]
[BlackTeam "Leningrad Region"]
[WhiteTeamCountry "FRA"]
[BlackTeamCountry "RUS"]

1. e4 e5 2. Nc3 Nf6 3. Bc4 Nxe4 4. Qh5 Nd6 5. Qxe5+ Qe7 6. Qxe7+ Bxe7 7. Bb3 Nc6 8. Nd5 Bd8 9. Nf3 0-0 10. 0-0 Na5 11. d4 Nf5 12. Nc3 Bf6 13. Nd5 Bd8 14. Bf4 d6 15. Rfe1 Be6 16. Nc3 Nxb3 17. axb3 Bd7 18. d5 Re8 19. Ne4 a6 20. h3 Nh4 21. Nd4 h6 22. b4 Nf5 23. Nf3 Nh4 24. Nd4 Nf5 25. Nb3 Ne7 26. Nc3 Ng6 27. Rxe8+ Bxe8 28. Be3 Bf6 29. Bd4 Bxd4 30. Nxd4 Ne5 31. b5 Nc4 32. b3 Nb6 33. Ra5 axb5 34. Rxa8 Nxa8 35. Ncxb5 Kf8 36. f4 Ke7 37. Kf2 g6 38. h4 c5 39. dxc6 bxc6 40. Nc3 Nc7 41. g4 c5 42. Nf3 Bc6 43. g5 hxg5 44. hxg5 Ne6 45. Ne2 d5 46. Ne5 Bb7 47. c3 d4 48. cxd4 cxd4 49. Ke1 Ba6 50. Nc6+ Kd6 51. Ncxd4 Nxd4 52. Nxd4 Kd5 53. Ne2 Ke4 54. Kd2 Kf3 55. Nd4+ Kxf4 56. b4 Kxg5 57. b5 Bb7 58. Nb3 Kf6 59. Nc5 Bd5 60. b6 Ke5 61. b7 Bxb7 62. Nxb7 1/2-1/2

[Event "Murmansk Basamro U16 4th"]
[Site "Murmansk"]
[Date "2016.10.07"]
[Round "3.1"]
[White "Khramov, Andrey"]
[Black "Brewer, Callum D"]
[Result "1/2-1/2"]
[WhiteElo "2162"]
[BlackElo "2043"]
[PlyCount "76"]
[EventDate "2016.10.06"]
[EventType "team-tourn"]
[EventRounds "5"]
[EventCountry "RUS"]
[SourceTitle "EXT 2017"]
[Source "ChessBase"]
[SourceDate "2016.10.25"]
[SourceVersion "1"]
[SourceVersionDate "2016.10.25"]
[SourceQuality "1"]
[WhiteTeam "Leningrad Region"]
[BlackTeam "Sussex"]
[WhiteTeamCountry "RUS"]
[BlackTeamCountry "ENG"]

1. e4 c6 2. d4 d5 3. Nc3 dxe4 4. Nxe4 Nd7 5. Ng5 Ngf6 6. Bd3 e6 7. N1f3 Bd6 8. Qe2 h6 9. Ne4 Nxe4 10. Qxe4 Qc7 11. 0-0 b6 12. Qg4 Kf8 13. b3 Bb7 14. Re1 Nf6 15. Qh3 Nd5 16. c4 Nf4 17. Bxf4 Bxf4 18. c5 Rd8 19. Rad1 Qe7 20. Qg4 g5 21. Qh5 Qf6 22. Be4 Rg8 23. h3 Ke7 24. b4 b5 25. a4 a6 26. Rd3 Rh8 27. g3 Bb8 28. Rde3 Qg7 29. Bc2 Bc8 30. Bb3 Rhg8 31. Qg4 Qg6 32. h4 f5 33. Qh3 g4 34. h5 gxh3 35. hxg6 Rxg6 36. Kh1 Kf7 37. Rg1 Rg4 38. Rge1 Rg6 1/2-1/2

[Event "Murmansk Basamro U16 4th"]
[Site "Murmansk"]
[Date "2016.10.06"]
[Round "1.2"]
[White "Khramov, Andrey"]
[Black "Elgersma, Simon"]
[Result "1-0"]
[WhiteElo "2162"]
[BlackElo "2084"]
[PlyCount "45"]
[EventDate "2016.10.06"]
[EventType "team-tourn"]
[EventRounds "5"]
[EventCountry "RUS"]
[SourceTitle "EXT 2017"]
[Source "ChessBase"]
[SourceDate "2016.10.25"]
[SourceVersion "1"]
[SourceVersionDate "2016.10.25"]
[SourceQuality "1"]
[WhiteTeam "Leningrad Region"]
[BlackTeam "Rotterdam"]
[WhiteTeamCountry "RUS"]
[BlackTeamCountry "NED"]

1. e4 e6 2. d4 d5 3. Nd2 a6 4. Bd3 c5 5. dxc5 Nf6 6. Qe2 Bxc5 7. Ngf3 Nc6 8. a3 0-0 9. 0-0 e5 10. exd5 Qxd5 11. Ne4 Nxe4 12. Bxe4 Nd4 13. Nxd4 Qxd4 14. Rd1 Qa4 15. Qd3 g6 16. Bg5 Bg4 17. Rd2 Rab8 18. h3 Be6 19. Bf6 Bb6 20. Rad1 Qa5 21. Qg3 Rfe8 22. b4 Qb5 23. Qg5 1-0

[Event "RUS-chT U18"]
[Site "St Petersburg"]
[Date "2015.08.05"]
[Round "5.33"]
[White "Khramov, Andrey"]
[Black "Shubin, Kirill"]
[Result "1/2-1/2"]
[WhiteElo "2060"]
[BlackElo "2216"]
[PlyCount "71"]
[EventDate "2015.08.01"]
[EventType "team-swiss"]
[EventRounds "9"]
[EventCountry "RUS"]
[SourceTitle "CBM 167 Extra"]
[Source "ChessBase"]
[SourceDate "2015.09.14"]
[SourceVersion "1"]
[SourceVersionDate "2015.09.14"]
[SourceQuality "1"]
[WhiteTeam "Vasileostrovsky District"]
[BlackTeam "Vladivostok"]
[WhiteTeamCountry "RUS"]
[BlackTeamCountry "RUS"]

1. e4 e6 2. d4 d5 3. Nd2 Nf6 4. e5 Nfd7 5. Bd3 c5 6. c3 Nc6 7. Ne2 cxd4 8. cxd4 f6 9. Nf4 Nxd4 10. Qh5+ Ke7 11. Ng6+ hxg6 12. exf6+ Nxf6 13. Qxh8 Kf7 14. 0-0 e5 15. Nb3 Nxb3 16. axb3 Be6 17. Bg5 e4 18. Be2 Qb6 19. Rac1 Rd8 20. Qh4 Be7 21. Qg3 Rd7 22. Rc8 Rd6 23. Rc2 d4 24. Bc4 d3 25. Bxe6+ Rxe6 26. Rc3 Qb5 27. Qh4 Nd5 28. Rcc1 Qxb3 29. Rc8 Bxg5 30. Qxg5 Ne7 31. Rc7 Qb6 32. Qf4+ Rf6 33. Qe5 Re6 34. Qf4+ Rf6 35. Qe5 Re6 36. Qf4+ 1/2-1/2

[Event "RUS-chT U18"]
[Site "St Petersburg"]
[Date "2015.08.01"]
[Round "1.25"]
[White "Kukhmazov, Arsen"]
[Black "Khramov, Andrey"]
[Result "1-0"]
[WhiteElo "2426"]
[BlackElo "2060"]
[PlyCount "75"]
[EventDate "2015.08.01"]
[EventType "team-swiss"]
[EventRounds "9"]
[EventCountry "RUS"]
[SourceTitle "CBM 167 Extra"]
[Source "ChessBase"]
[SourceDate "2015.09.14"]
[SourceVersion "1"]
[SourceVersionDate "2015.09.14"]
[SourceQuality "1"]
[WhiteTeam "Perovo"]
[BlackTeam "Vasileostrovsky District"]
[WhiteTeamCountry "RUS"]
[BlackTeamCountry "RUS"]

1. d4 d5 2. c4 c6 3. Nf3 Nf6 4. Nc3 e6 5. Bg5 Nbd7 6. e3 Qa5 7. cxd5 Nxd5 8. Qd2 Bb4 9. Rc1 c5 10. a3 Bxc3 11. bxc3 b6 12. c4 Qxd2+ 13. Nxd2 Ne7 14. Ne4 f6 15. Nd6+ Kf8 16. Bf4 Ng6 17. Bg3 Ke7 18. Be2 Ba6 19. h4 cxd4 20. exd4 e5 21. Nf5+ Kf7 22. Bf3 Rad8 23. 0-0 Ne7 24. Nxe7 Kxe7 25. Rfe1 Ke6 26. dxe5 Nxe5 27. Bd5+ Kf5 28. Bxe5 fxe5 29. Rc3 Rhf8 30. Rf3+ Kg6 31. Rg3+ Kf6 32. f4 exf4 33. Re6+ Kf7 34. Rg5 g6 35. Rexg6+ Ke7 36. Re6+ Kf7 37. Rh6+ Ke8 38. Rg7 1-0

[Event "RUS-chT U20"]
[Site "Kaliningrad"]
[Date "2013.08.09"]
[Round "8"]
[White "Usmanov, Vasily"]
[Black "Khramov, Andrey"]
[Result "1/2-1/2"]
[WhiteElo "2377"]
[BlackElo "1978"]
[PlyCount "128"]
[EventDate "2013.08.02"]
[EventType "team-swiss"]
[EventRounds "9"]
[EventCountry "RUS"]
[SourceTitle "EXT 2018"]
[Source "ChessBase"]
[SourceDate "2017.10.13"]
[SourceVersion "1"]
[SourceVersionDate "2017.10.13"]
[SourceQuality "1"]

1. Nf3 d5 2. c4 d4 3. c5 e5 4. Nxe5 Bxc5 5. g3 Be6 6. Bg2 Bd5 7. Nf3 Nf6 8. 0-0 Nc6 9. d3 Qd7 10. a3 0-0-0 11. b4 Bb6 12. Bg5 Qf5 13. Nbd2 Ne5 14. Bxf6 Qxf6 15. a4 Nxf3+ 16. exf3 a6 17. f4 Bxg2 18. Kxg2 h5 19. h4 Qf5 20. Qf3 Kb8 21. Nc4 Rhe8 22. Rab1 Qd5 23. Qxd5 Rxd5 24. Rfe1 Rdd8 25. Re5 Rxe5 26. fxe5 Kc8 27. Nxb6+ cxb6 28. Rc1+ Kd7 29. Kf3 Ke6 30. Ke4 Rd5 31. f4 f5+ 32. exf6 gxf6 33. Rc8 f5+ 34. Kf3 a5 35. b5 Rc5 36. Re8+ Kd7 37. Rh8 Rc3 38. Rxh5 Rxd3+ 39. Kf2 Ke6 40. Rh6+ Kd5 41. Rxb6 Rd2+ 42. Ke1 Rg2 43. Rxb7 Rxg3 44. Re7 Rh3 45. Re5+ Kd6 46. Rxf5 Rxh4 47. Kd2 Ke6 48. Re5+ Kd6 49. Rf5 Ke6 50. Rf8 Ke7 51. Ra8 Rxf4 52. Rxa5 Kd6 53. Ra6+ Kc5 54. Rc6+ Kb4 55. b6 Rf8 56. Kd3 Kxa4 57. Kc4 Ka5 58. Kc5 Rb8 59. Rd6 d3 60. Rd7 Rxb6 61. Ra7+ Ra6 62. Rd7 Rh6 63. Ra7+ Ra6 64. Rd7 Rh6 1/2-1/2

[Event "RUS-chT U20"]
[Site "Kaliningrad"]
[Date "2013.08.08"]
[Round "7"]
[White "Khramov, Andrey"]
[Black "Orekhov, Nikolai"]
[Result "1-0"]
[WhiteElo "1978"]
[BlackElo "2129"]
[PlyCount "73"]
[EventDate "2013.08.02"]
[EventType "team-swiss"]
[EventRounds "9"]
[EventCountry "RUS"]
[SourceTitle "EXT 2018"]
[Source "ChessBase"]
[SourceDate "2017.10.13"]
[SourceVersion "1"]
[SourceVersionDate "2017.10.13"]
[SourceQuality "1"]

1. e4 e6 2. d4 d5 3. Nc3 Bb4 4. e5 c5 5. a3 Bxc3+ 6. bxc3 Qa5 7. Bd2 Qa4 8. Qg4 g6 9. Qd1 Nc6 10. Nf3 c4 11. h4 h6 12. Nh2 Bd7 13. h5 0-0-0 14. Ng4 g5 15. f4 Qa5 16. fxg5 hxg5 17. h6 Nge7 18. Nf6 Nf5 19. h7 Nce7 20. Rh3 Ng6 21. Bxg5 Ba4 22. Qd2 Qb6 23. Ng4 Qb2 24. Qc1 Qxc2 25. Qxc2 Bxc2 26. Bxd8 Kxd8 27. Kd2 Ba4 28. Nf6 Ke7 29. Rb1 b5 30. Be2 Nf4 31. Rf3 Nxg2 32. Rg1 Ngh4 33. Rg8 Ng6 34. Nxd5+ exd5 35. Rxh8 Nxh8 36. Rxf5 Kf8 37. Rg5 1-0

[Event "RUS-chT U20"]
[Site "Kaliningrad"]
[Date "2013.08.07"]
[Round "6"]
[White "Khramov, Andrey"]
[Black "Kopjonkin, Kirill"]
[Result "1-0"]
[WhiteElo "1978"]
[BlackElo "2025"]
[PlyCount "91"]
[EventDate "2013.08.02"]
[EventType "team-swiss"]
[EventRounds "9"]
[EventCountry "RUS"]
[SourceTitle "EXT 2018"]
[Source "ChessBase"]
[SourceDate "2017.10.13"]
[SourceVersion "1"]
[SourceVersionDate "2017.10.13"]
[SourceQuality "1"]

1. e4 c5 2. Nf3 g6 3. d4 cxd4 4. Nxd4 Bg7 5. c4 Nc6 6. Be3 d6 7. Nc3 Nf6 8. Be2 0-0 9. 0-0 Nd7 10. Qd2 Nc5 11. Rad1 Bd7 12. f4 Rc8 13. b3 Qa5 14. Kh1 Ne6 15. Nxc6 bxc6 16. Nd5 Qd8 17. f5 Nc5 18. Nxe7+ Qxe7 19. Bxc5 dxc5 20. Qxd7 Qxe4 21. Bd3 Qd4 22. Qxa7 Be5 23. Qe7 Rc7 24. Qg5 f6 25. Qh6 Rg7 26. fxg6 hxg6 27. Bf5 gxf5 28. Rxd4 Bxd4 29. Re1 Bf2 30. Rd1 Bd4 31. Qh5 Rg5 32. Qe2 Kf7 33. Re1 Rh8 34. Qe6+ Kg6 35. h3 f4 36. Qxc6 Rg3 37. Qe4+ Kg5 38. Qe7 Rh6 39. Qg7+ Rg6 40. Qc7 Rh6 41. Re4 Be3 42. Re7 Rg6 43. Rh7 Bf2 44. Qd7 f3 45. Qd2+ Be3 46. Qxe3+ 1-0

[Event "RUS-chT U20"]
[Site "Kaliningrad"]
[Date "2013.08.04"]
[Round "3"]
[White "Mamchenko, Sergei"]
[Black "Khramov, Andrey"]
[Result "1/2-1/2"]
[WhiteElo "1927"]
[BlackElo "1978"]
[PlyCount "118"]
[EventDate "2013.08.02"]
[EventType "team-swiss"]
[EventRounds "9"]
[EventCountry "RUS"]
[SourceTitle "EXT 2018"]
[Source "ChessBase"]
[SourceDate "2017.10.13"]
[SourceVersion "1"]
[SourceVersionDate "2017.10.13"]
[SourceQuality "1"]

1. d4 d5 2. Nf3 Nf6 3. c4 c6 4. Nc3 e6 5. cxd5 exd5 6. Bf4 Bf5 7. e3 Bd6 8. Bg3 0-0 9. Bd3 Bxd3 10. Qxd3 Re8 11. Nd2 Bxg3 12. hxg3 Nbd7 13. b4 a6 14. Nb3 h6 15. a4 Ne4 16. Nxe4 dxe4 17. Qc2 Qe7 18. Nc5 Nf6 19. Qc4 Nd5 20. 0-0 Red8 21. b5 cxb5 22. axb5 a5 23. b6 Nxb6 24. Qb5 Nc8 25. Qxb7 Qxb7 26. Nxb7 Rd5 27. Nc5 f5 28. Rfb1 Rd6 29. Rb5 Ne7 30. Raxa5 Rxa5 31. Rxa5 Rb6 32. Ra2 Rb1+ 33. Kh2 Nd5 34. g4 g6 35. gxf5 gxf5 36. Kg3 Kf7 37. Ra7+ Kf6 38. Rd7 Ne7 39. Rd6+ Kg7 40. Ne6+ Kf7 41. Nf4 Ng8 42. Rd7+ Kf6 43. Rd8 Kf7 44. Nd5 Rb2 45. f3 Re2 46. Rd7+ Ke6 47. Nf4+ Kxd7 48. Nxe2 exf3 49. gxf3 Nf6 50. Kf4 Nd5+ 51. Kxf5 Nxe3+ 52. Kg6 Ke6 53. Kxh6 Kf5 54. Kh5 Ng2 55. Ng1 Ne1 56. Kh6 Kf4 57. Kg6 Nxf3 58. d5 Ke5 59. Nxf3+ Kxd5 1/2-1/2